Roue de la fortune - Mort subite #10 - Statistiques

Statistiques générales
  • Ce quiz a été pris 259 fois
  • Le résultat moyen est 14 sur 18
Statistiques - réponses
% Correct
E
98%
E
98%
E
98%
E
98%
E
98%
A
96%
L
93%
I
75%
N
72%
U
72%
R
68%
R
68%
R
68%
R
68%
S
68%
S
68%
T
68%
C
62%
Aucun quiz correspondant
Distribution des résultats
% des personnes avec chaque résultat
Percentile par nombre de réponses
Votre historique - résultats
Vous n’avez pas pris ce quiz